[Event "Pere Noel"]
[Site "Montreal CAN"]
[Date "2013.12.28"]
[Round "3"]
[White "Langlois-Remillard, Alexis"]
[Black "Zhu, Hong Rui"]
[Result "0-1"]
[WhiteElo "1919"]
[BlackElo "2128"]
[PlyCount "86"]
[GameId "2160767909208085"]
[EventDate "2013.12.26"]
[EventType "swiss"]
[EventRounds "5"]
[EventCountry "CAN"]
[SourceTitle "hb 2013"]

1. g3 d5 2. Bg2 Nf6 3. Nf3 c6 4. O-O Bg4 5. d4 Nbd7 6. c4 e6 7. Nc3 Bd6 8. b3 O-O 9. Bb2 Re8 10. Re1 Bh5 11. Qd2 Bb4 12. a3 Bf8 13. e4 dxe4 14. Ng5 e5 15. d5 Nc5 16. Qc2 Nxd5 17. Ncxe4 Nxe4 18. Bxe4 Qxg5 19. cxd5 cxd5 20. Bxd5 Rac8 21. Qe4 Bg6 22. Qe3 Qxe3 23. Rxe3 Rc2 24. Bxe5 Bc5 25. Bd4 Rxe3 26. Bxe3 Bxe3 27. fxe3 b6 28. e4 Kf8 29. h3 Ke7 30. Rd1 f6 31. Rd4 Ra2 32. Ra4 a5 33. Rc4 Kd6 34. Rc6+ Ke5 35. Re6+ Kd4 36. a4 f5 37. exf5 Bxf5 38. Rd6 Kc5 39. Rd8 Rd2 40. g4 Rxd5 41. Rg8 Bg6 42. Rxg7 Rd3 43. Rc7+ Kd6 0-1

[Event "Pere Noel"]
[Site "Montreal CAN"]
[Date "2013.12.28"]
[Round "3"]
[White "Larochelle, Martial"]
[Black "Lawson, Eric"]
[Result "0-1"]
[WhiteElo "2210"]
[BlackElo "2381"]
[PlyCount "38"]
[GameId "2160767909208086"]
[EventDate "2013.12.26"]
[EventType "swiss"]
[EventRounds "5"]
[EventCountry "CAN"]
[SourceTitle "hb 2013"]

1. c4 e5 2. g3 h5 3. Bg2 h4 4. Nc3 Nc6 5. Nf3 h3 6. Bf1 Nf6 7. d4 exd4 8. Nxd4 Bc5 9. Nxc6 bxc6 10. Qd3 Qe7 11. Bf4 Ba6 12. b3 d5 13. Bd2 Rd8 14. O-O-O Ng4 15. Be1 Bxf2 16. Qf3 Bxe1 17. Rxe1 Ne5 18. Qf2 Qa3+ 19. Kc2 d4 0-1

[Event "Pere Noel"]
[Site "Montreal CAN"]
[Date "2013.12.28"]
[Round "3"]
[White "Luksza, Arkadiusz"]
[Black "Dumouchel, Alain"]
[Result "1-0"]
[WhiteElo "2147"]
[BlackElo "1908"]
[PlyCount "75"]
[GameId "2160767909208087"]
[EventDate "2013.12.26"]
[EventType "swiss"]
[EventRounds "5"]
[EventCountry "CAN"]
[SourceTitle "hb 2013"]

1. d4 Nf6 2. Nf3 g6 3. c4 Bg7 4. Nc3 d6 5. e4 O-O 6. Be2 Na6 7. h3 e5 8. d5 Nc5 9. Bg5 h6 10. Bxf6 Qxf6 11. b4 Na6 12. a3 Bd7 13. Rc1 Rae8 14. O-O Qd8 15. Bd3 f5 16. Ne2 fxe4 17. Bxe4 Bf5 18. Ng3 Bxe4 19. Nxe4 Rf4 20. Qd3 Ref8 21. c5 Nb8 22. cxd6 cxd6 23. Rc2 Nd7 24. Rfc1 Nf6 25. Nfd2 Nxe4 26. Nxe4 Qh4 27. f3 Qh5 28. Rc8 Qf5 29. Rxf8+ Bxf8 30. Rc7 a6 31. Rxb7 Qc8 32. Rb6 Qc1+ 33. Kh2 Be7 34. Rc6 Qe1 35. Rc8+ Kf7 36. Rc7 Ke8 37. Qxa6 Rxe4 38. Qc8+ 1-0

[Event "Pere Noel"]
[Site "Montreal CAN"]
[Date "2013.12.28"]
[Round "3"]
[White "Luo, Zhao Yang"]
[Black "Perna-Fraser, David"]
[Result "1-0"]
[WhiteElo "2042"]
[BlackElo "1803"]
[PlyCount "63"]
[GameId "2160767909208088"]
[EventDate "2013.12.26"]
[EventType "swiss"]
[EventRounds "5"]
[EventCountry "CAN"]
[SourceTitle "hb 2013"]

1. d4 Nf6 2. Nf3 d5 3. c4 e6 4. e3 c6 5. Nbd2 Bd6 6. b3 O-O 7. Bd3 Nbd7 8. Bb2 Re8 9. Ne5 c5 10. O-O cxd4 11. exd4 Nf8 12. a3 a5 13. Re1 Bd7 14. Ndf3 h6 15. Qe2 Rc8 16. c5 Be7 17. b4 N6h7 18. bxa5 Ng5 19. Bc3 Nxf3+ 20. Qxf3 Bf6 21. Ng4 Bg5 22. Rab1 Bc6 23. Ne5 Qf6 24. Qxf6 Bxf6 25. Nxc6 bxc6 26. Ba6 Rc7 27. Rb7 Rec8 28. Rb6 Ra8 29. Bb7 Rb8 30. a6 Nd7 31. a7 Rcxb7 32. Rxb7 1-0

[Event "Pere Noel"]
[Site "Montreal CAN"]
[Date "2013.12.28"]
[Round "3"]
[White "Masse, Hugues"]
[Black "Sambuev, Bator"]
[Result "0-1"]
[WhiteElo "2244"]
[BlackElo "2588"]
[PlyCount "72"]
[GameId "2160767909208089"]
[EventDate "2013.12.26"]
[EventType "swiss"]
[EventRounds "5"]
[EventCountry "CAN"]
[SourceTitle "hb 2013"]

1. d4 d5 2. c4 e6 3. Nf3 c6 4. e3 Bd6 5. Bd3 f5 6. O-O Nf6 7. b3 Qe7 8. Bb2 O-O 9. Qc1 dxc4 10. bxc4 c5 11. Nc3 Nc6 12. Rd1 Rd8 13. d5 Ne5 14. Be2 Nf7 15. dxe6 Bxe6 16. Qc2 Rac8 17. e4 fxe4 18. Nxe4 Nxe4 19. Qxe4 Bd7 20. Qc2 Bc6 21. Qc3 Qf8 22. g3 Re8 23. Re1 Be7 24. Qb3 Bd8 25. Bf1 Ba5 26. Rxe8 Rxe8 27. Bg2 Re2 28. Rf1 Nd6 29. Ne5 Bxg2 30. Kxg2 Qf5 31. Nf3 Qe4 32. Bc3 Nf5 33. Bxa5 Ne3+ 34. Kg1 Qxf3 35. Qxe3 Rxe3 36. fxe3 Qxe3+ 0-1

[Event "Pere Noel"]
[Site "Montreal CAN"]
[Date "2013.12.28"]
[Round "3"]
[White "Nardone, Raul"]
[Black "Brassard, Sylvain"]
[Result "1-0"]
[WhiteElo "1900"]
[BlackElo "1780"]
[PlyCount "131"]
[GameId "2160767909208090"]
[EventDate "2013.12.26"]
[EventType "swiss"]
[EventRounds "5"]
[EventCountry "CAN"]
[SourceTitle "hb 2013"]

1. d4 d5 2. Nf3 Bf5 3. e3 e6 4. c3 c6 5. Qb3 b6 6. Be2 Nd7 7. O-O Bd6 8. c4 h6 9. Bd2 Ngf6 10. cxd5 cxd5 11. Bb4 Qe7 12. Bxd6 Qxd6 13. Nc3 a6 14. Rac1 b5 15. a3 O-O 16. Na2 Rfc8 17. Nb4 Ne4 18. Nd3 Nb6 19. Qb4 Nc4 20. Qxd6 Nexd6 21. Nfe5 Bxd3 22. Nxd3 Ne4 23. Rfe1 Kf8 24. Bd1 Ke8 25. f3 Ned6 26. Re2 Kd8 27. Kf2 f6 28. Nc5 Ke7 29. g3 a5 30. Ra1 b4 31. Na4 Rab8 32. axb4 axb4 33. Nc5 Ra8 34. Rc1 Ra7 35. b3 Na3 36. Ra1 Ndb5 37. h3 Nc3 38. Rb2 e5 39. Nd3 exd4 40. exd4 Kd6 41. Nxb4 Nab5 42. Na2 Rca8 43. Nxc3 Rxa1 44. Nxb5+ Kc6 45. Be2 Rc1 46. Ke3 Re8+ 47. Kf4 Rxe2 48. Na7+ Kb7 49. Rxe2 Kxa7 50. Re7+ Kb6 51. Rxg7 Rd1 52. Rg6 Rxd4+ 53. Ke3 Rb4 54. Rxf6+ Kc5 55. Rxh6 Rxb3+ 56. Kf4 Rb4+ 57. Ke5 Rb1 58. Rh8 Re1+ 59. Kf4 d4 60. Rd8 Kc4 61. h4 d3 62. h5 Kc3 63. g4 Re7 64. g5 Rf7+ 65. Kg4 d2 66. h6 1-0

[Event "Pere Noel"]
[Site "Montreal CAN"]
[Date "2013.12.28"]
[Round "3"]
[White "Nunez, Omar"]
[Black "Ma, Indy"]
[Result "1-0"]
[WhiteElo "1945"]
[BlackElo "1728"]
[PlyCount "85"]
[GameId "2160767909208091"]
[EventDate "2013.12.26"]
[EventType "swiss"]
[EventRounds "5"]
[EventCountry "CAN"]
[SourceTitle "hb 2013"]

1. f4 Nf6 2. e3 d5 3. b3 c5 4. Bb2 e6 5. Nf3 Nc6 6. Bb5 Bd7 7. O-O Bd6 8. Bxc6 Bxc6 9. Ne5 O-O 10. d3 Be7 11. Nxc6 bxc6 12. Nd2 Qb6 13. Qe2 Rfd8 14. Kh1 a5 15. a4 Rd7 16. Rab1 Qc7 17. Nf3 Rdd8 18. Ne5 d4 19. e4 Bd6 20. Nxf7 Qxf7 21. e5 Be7 22. exf6 Bxf6 23. Rbe1 Re8 24. Qf3 Qc7 25. Ba3 Qd6 26. Re4 Rac8 27. Rfe1 e5 28. g3 Kf7 29. fxe5 Qd5 30. exf6 gxf6 31. Kg2 Rxe4 32. Qxe4 f5 33. Qxd5+ cxd5 34. Re5 c4 35. bxc4 dxc4 36. Rxf5+ Ke6 37. Rc5 cxd3 38. cxd3 Rb8 39. Rb5 Rc8 40. Bc5 Rd8 41. Kf3 Rd5 42. Ke4 Rh5 43. h4 1-0

[Event "Pere Noel"]
[Site "Montreal CAN"]
[Date "2013.12.28"]
[Round "3"]
[White "Saha, Ananda"]
[Black "Ming, Wenyang"]
[Result "0-1"]
[WhiteElo "1808"]
[BlackElo "1822"]
[PlyCount "132"]
[GameId "2160767909208093"]
[EventDate "2013.12.26"]
[EventType "swiss"]
[EventRounds "5"]
[EventCountry "CAN"]
[SourceTitle "hb 2013"]

1. d4 Nf6 2. c4 c5 3. d5 b5 4. cxb5 a6 5. b6 d6 6. Nc3 Nbd7 7. e4 Rb8 8. a4 Rxb6 9. a5 Rb4 10. Ra4 g6 11. f4 Bg7 12. Nf3 O-O 13. Bd3 Re8 14. O-O Qc7 15. Na2 Rxa4 16. Qxa4 c4 17. Qxc4 Qxc4 18. Bxc4 Nxe4 19. b4 Ndf6 20. Bb2 Bb7 21. Rd1 Rc8 22. Bb3 Rc7 23. Ne1 Ng4 24. Bxg7 Kxg7 25. Rd4 Nc3 26. Nxc3 Rxc3 27. Rd3 Rxd3 28. Nxd3 Ne3 29. Kf2 Nxd5 30. Bxd5 Bxd5 31. g3 Bc4 32. Ke3 Kf6 33. Kd4 Bb5 34. Nb2 Ke6 35. Nd1 Kd7 36. Nc3 Bc6 37. h4 e6 38. Nd1 f6 39. Ne3 e5+ 40. Kd3 f5 41. Kc3 Ke6 42. fxe5 dxe5 43. Kc4 Kd6 44. Kd3 Bd5 45. Kc3 Be6 46. Nd1 h6 47. Nf2 g5 48. hxg5 hxg5 49. Kd3 Kd5 50. Ke3 f4+ 51. gxf4 exf4+ 52. Kf3 Bf5 53. b5 axb5 54. Nd1 b4 55. Nb2 Kc5 56. a6 Kb6 57. Nc4+ Kxa6 58. Nd6 b3 59. Nc4 Kb5 60. Nb2 Kb4 61. Ke2 g4 62. Nd1 g3 63. Kf1 Bg4 64. Nb2 f3 65. Nd3+ Kc3 66. Ne1 b2 0-1

[Event "Pere Noel"]
[Site "Montreal CAN"]
[Date "2013.12.28"]
[Round "3"]
[White "Sprumont, Oscar"]
[Black "Struben, Jeroen"]
[Result "1-0"]
[WhiteElo "2029"]
[BlackElo "1744"]
[PlyCount "71"]
[GameId "2160767909208094"]
[EventDate "2013.12.26"]
[EventType "swiss"]
[EventRounds "5"]
[EventCountry "CAN"]
[SourceTitle "hb 2013"]

1. Nf3 c5 2. c4 Nf6 3. g3 g6 4. Bg2 Bg7 5. d4 cxd4 6. Nxd4 O-O 7. O-O d6 8. Nc3 Nc6 9. Nxc6 bxc6 10. Bxc6 Rb8 11. Bg2 Ng4 12. Qc2 Be6 13. Nd5 Ne5 14. Rb1 Qd7 15. b3 Rfc8 16. e4 Nc6 17. Nf4 Nd4 18. Qd3 Bg4 19. f3 g5 20. Nd5 e6 21. Nc3 Bh5 22. Bxg5 Nc6 23. Ne2 Ne5 24. Qd2 Qc7 25. Rbd1 Rb6 26. Nd4 d5 27. Nb5 Rxb5 28. cxb5 Qc5+ 29. Be3 Qxb5 30. exd5 Rd8 31. d6 Bf8 32. Qc3 Bg7 33. Qc7 Nc6 34. Rc1 Qe5 35. Bf4 Qd4+ 36. Kh1 1-0

[Event "Pere Noel"]
[Site "Montreal CAN"]
[Date "2013.12.28"]
[Round "3"]
[White "Weston, Paul"]
[Black "Procacci, Sergio"]
[Result "0-1"]
[WhiteElo "1958"]
[BlackElo "2019"]
[PlyCount "76"]
[GameId "2160767909208095"]
[EventDate "2013.12.26"]
[EventType "swiss"]
[EventRounds "5"]
[EventCountry "CAN"]
[SourceTitle "hb 2013"]

1. c4 c5 2. Nc3 Nc6 3. g3 g6 4. Bg2 Bg7 5. Nf3 Nf6 6. d4 cxd4 7. Nxd4 Nxd4 8. Qxd4 d6 9. O-O O-O 10. e4 Ng4 11. Qd3 Ne5 12. Qe2 Be6 13. Nd5 Rc8 14. Be3 Nxc4 15. Bxa7 Bxd5 16. exd5 Bxb2 17. Rab1 Qa5 18. Be3 Nxe3 19. fxe3 Bf6 20. Rxb7 Rb8 21. Rfb1 Rxb7 22. Rxb7 Rc8 23. Rb1 Qa4 24. h3 Rc2 25. Rb8+ Kg7 26. Qf3 Qxa2 27. h4 Rc3 28. Rb4 Qd2 29. Re4 Qxd5 30. Qe2 Qc5 31. Kh2 d5 32. Rg4 Rxe3 33. Qd2 h5 34. Rf4 Be5 35. Rf3 Rxf3 36. Bxf3 d4 37. Qg5 d3 38. Bxh5 Bxg3+ 0-1

[Event "Pere Noel"]
[Site "Montreal CAN"]
[Date "2013.12.28"]
[Round "3"]
[White "Yu, Zong Yang"]
[Black "Singher, Jean-Pierre"]
[Result "1-0"]
[WhiteElo "2112"]
[BlackElo "1963"]
[PlyCount "51"]
[GameId "2160767909208096"]
[EventDate "2013.12.26"]
[EventType "swiss"]
[EventRounds "5"]
[EventCountry "CAN"]
[SourceTitle "hb 2013"]

1. d4 Nf6 2. c4 e6 3. Nf3 d5 4. Nc3 a5 5. cxd5 exd5 6. Bg5 Be7 7. e3 O-O 8. Bd3 c6 9. Qc2 Nbd7 10. g4 c5 11. Bxf6 Nxf6 12. g5 Ne4 13. Nxd5 Qxd5 14. Bxe4 Qe6 15. d5 Qh3 16. O-O-O Bd6 17. Nd2 b5 18. Rdg1 g6 19. Bg2 Qh4 20. Ne4 Bf5 21. Nf6+ Kh8 22. Be4 Bxe4 23. Nxe4 Be5 24. f4 Bg7 25. Rg3 Rfe8 26. Qg2 1-0

[Event "Pere Noel"]
[Site "Montreal CAN"]
[Date "2013.12.29"]
[Round "4"]
[White "Dumouchel, Alain"]
[Black "Nardone, Raul"]
[Result "1/2-1/2"]
[WhiteElo "1908"]
[BlackElo "1900"]
[PlyCount "57"]
[GameId "2160767909208099"]
[EventDate "2013.12.26"]
[EventType "swiss"]
[EventRounds "5"]
[EventCountry "CAN"]
[SourceTitle "hb 2013"]

1. e4 c5 2. Nf3 d6 3. d4 cxd4 4. Nxd4 Nf6 5. Nc3 Nc6 6. Bc4 e6 7. Bb3 Be7 8. Be3 a6 9. Nxc6 bxc6 10. O-O O-O 11. f4 Qa5 12. Qe1 Qh5 13. Rf3 d5 14. Rh3 Qg6 15. Rg3 Qh5 16. Rg5 Qh6 17. f5 d4 18. Rxg7+ Qxg7 19. Bxd4 Qg4 20. h3 Qf4 21. Be3 Qe5 22. Bh6 Bc5+ 23. Kh1 Nh5 24. Bxf8 Kxf8 25. g4 Bd6 26. Qf2 Nf4 27. Qh4 Nh5 28. Qd8+ Kg7 29. Qg5+ 1/2-1/2

[Event "Pere Noel"]
[Site "Montreal CAN"]
[Date "2013.12.29"]
[Round "4"]
[White "Lawson, Eric"]
[Black "Prahov, Valentin"]
[Result "1/2-1/2"]
[WhiteElo "2381"]
[BlackElo "2205"]
[PlyCount "38"]
[GameId "2160767909208100"]
[EventDate "2013.12.26"]
[EventType "swiss"]
[EventRounds "5"]
[EventCountry "CAN"]
[SourceTitle "CBM 158 Extra"]
[Source "ChessBase"]
[SourceDate "2014.02.28"]
[SourceVersion "1"]
[SourceVersionDate "2014.02.28"]
[SourceQuality "1"]

1. d4 Nf6 2. c4 g6 3. f3 d5 4. cxd5 Nxd5 5. e4 Nb6 6. Nc3 Bg7 7. Be3 Nc6 8. d5 Ne5 9. Bd4 O-O 10. f4 Ng4 11. Nf3 f5 12. e5 Nxd5 13. Qb3 e6 14. Bc5 Re8 15. O-O-O c6 16. h3 Nh6 17. Nxd5 exd5 18. h4 Nf7 19. h5 g5 1/2-1/2

[Event "Pere Noel"]
[Site "Montreal CAN"]
[Date "2013.12.29"]
[Round "4"]
[White "Ma, Indy"]
[Black "Langlois-Remillard, Alexis"]
[Result "0-1"]
[WhiteElo "1726"]
[BlackElo "1919"]
[PlyCount "74"]
[GameId "2160767909208101"]
[EventDate "2013.12.26"]
[EventType "swiss"]
[EventRounds "5"]
[EventCountry "CAN"]
[SourceTitle "hb 2013"]

1. d4 Nc6 2. Nf3 d5 3. c4 Bg4 4. Nc3 Nf6 5. cxd5 Bxf3 6. dxc6 Bxc6 7. Bf4 e6 8. a3 Bd6 9. Bg5 h6 10. Bh4 g5 11. Bg3 Bxg3 12. hxg3 Qd6 13. e3 O-O-O 14. Nb5 Bxb5 15. Bxb5 Qb6 16. Qe2 a6 17. Bd3 g4 18. Qc2 Qa5+ 19. b4 Qd5 20. Rc1 c6 21. O-O h5 22. Qc5 Qxc5 23. Rxc5 h4 24. Rg5 h3 25. Kh2 Rh6 26. gxh3 Rxh3+ 27. Kg2 Rdh8 28. Rg1 Kd7 29. Kf1 Ke7 30. Be2 Ne4 31. Rxg4 f5 32. Rg7+ Kf6 33. Rxb7 Rh2 34. f3 Rf2+ 35. Ke1 Rhh2 36. fxe4 Rxe2+ 37. Kd1 Ra2 0-1

[Event "Pere Noel"]
[Site "Montreal CAN"]
[Date "2013.12.29"]
[Round "4"]
[White "Nikulich, Oleksandr"]
[Black "Ming, Wenyang"]
[Result "1-0"]
[WhiteElo "2085"]
[BlackElo "1822"]
[PlyCount "65"]
[GameId "2160767909208102"]
[EventDate "2013.12.26"]
[EventType "swiss"]
[EventRounds "5"]
[EventCountry "CAN"]
[SourceTitle "hb 2013"]

1. e4 d6 2. d4 g6 3. Be3 Bg7 4. Nf3 a6 5. Bd3 Bg4 6. c3 Nd7 7. h3 Bxf3 8. Qxf3 e6 9. Nd2 h6 10. O-O Ne7 11. Qg3 d5 12. Rae1 Nf6 13. f4 dxe4 14. Nxe4 Nf5 15. Qf2 Nd5 16. Bc1 O-O 17. g4 Nd6 18. Ng3 Qd7 19. Qg2 c6 20. f5 g5 21. Nh5 exf5 22. gxf5 f6 23. h4 Rae8 24. Rxe8 Qxe8 25. Nxg7 Kxg7 26. hxg5 hxg5 27. Bxg5 fxg5 28. Qxg5+ Kh8 29. Qh6+ Kg8 30. Qg6+ Kh8 31. Rf3 Nf6 32. Rh3+ Nh7 33. Rxh7# 1-0

[Event "Pere Noel"]
[Site "Montreal CAN"]
[Date "2013.12.29"]
[Round "4"]
[White "Nunez, Omar"]
[Black "Luksza, Arkadiusz"]
[Result "0-1"]
[WhiteElo "1945"]
[BlackElo "2147"]
[PlyCount "98"]
[GameId "2160767909208103"]
[EventDate "2013.12.26"]
[EventType "swiss"]
[EventRounds "5"]
[EventCountry "CAN"]
[SourceTitle "hb 2013"]

1. Nf3 Nf6 2. g3 d5 3. Bg2 g6 4. O-O Bg7 5. d3 O-O 6. Nbd2 Nc6 7. c4 e5 8. cxd5 Nxd5 9. Nc4 h6 10. a4 Be6 11. Ne1 Nb6 12. Na3 Nd4 13. a5 Nd5 14. Bd2 Qd7 15. e3 Nc6 16. Qa4 a6 17. Rc1 Rad8 18. Nec2 f5 19. b4 Nde7 20. b5 axb5 21. Nxb5 Qxd3 22. Bb4 e4 23. Bxe7 Nxe7 24. Nxc7 Bb3 25. Qa3 Bxc2 26. Qxe7 Rf7 27. Qc5 Bb3 28. Qb6 Rdd7 29. Rfe1 Bc2 30. Bf1 Qb3 31. Rxc2 Qxc2 32. Ne6 Rd2 33. Nd4 Bxd4 34. exd4 Kg7 35. Qe6 Qc6 36. Qe5+ Qf6 37. Qf4 Rxd4 38. Rb1 Qd6 39. Qe3 g5 40. Rb6 Qd5 41. f4 gxf4 42. gxf4 Qc5 43. Rb5 Qd6 44. Rb6 Qd8 45. Qg3+ Kf8 46. Qa3+ Qe7 47. Qc3 Rg7+ 48. Kf2 e3+ 49. Qxe3 Qh4+ 0-1

[Event "Pere Noel"]
[Site "Montreal CAN"]
[Date "2013.12.29"]
[Round "4"]
[White "Procacci, Sergio"]
[Black "Luo, Zhao Yang"]
[Result "0-1"]
[WhiteElo "2019"]
[BlackElo "2042"]
[PlyCount "52"]
[GameId "2160767909208104"]
[EventDate "2013.12.26"]
[EventType "swiss"]
[EventRounds "5"]
[EventCountry "CAN"]
[SourceTitle "hb 2013"]

1. e4 c6 2. d4 d5 3. e5 c5 4. c3 Nc6 5. Nf3 Bg4 6. dxc5 e6 7. Be3 Bxf3 8. Qxf3 Nxe5 9. Bb5+ Nc6 10. O-O Nf6 11. c4 Be7 12. Nc3 a6 13. Ba4 O-O 14. cxd5 exd5 15. Rfd1 Ne5 16. Qf5 Nc4 17. Nxd5 Nxd5 18. Rxd5 Qa5 19. Bc2 g6 20. Qe4 Nxe3 21. fxe3 Bxc5 22. Re5 Qb6 23. Bb3 Kg7 24. Re1 Rad8 25. Qc4 Rc8 26. Qc3 Bb4 0-1

[Event "Pere Noel"]
[Site "Montreal CAN"]
[Date "2013.12.29"]
[Round "4"]
[White "Singher, Jean-Pierre"]
[Black "Larochelle, Martial"]
[Result "1/2-1/2"]
[WhiteElo "1963"]
[BlackElo "2210"]
[PlyCount "90"]
[GameId "2160767909208106"]
[EventDate "2013.12.26"]
[EventType "swiss"]
[EventRounds "5"]
[EventCountry "CAN"]
[SourceTitle "hb 2013"]

1. d4 Nf6 2. Nf3 g6 3. g3 Bg7 4. Bg2 d5 5. O-O O-O 6. Nbd2 Bf5 7. c4 c6 8. Qb3 Qb6 9. Qxb6 axb6 10. h3 Ne4 11. g4 Be6 12. cxd5 Bxd5 13. Nxe4 Bxe4 14. Be3 Nd7 15. a3 Nf6 16. Ne5 Bxg2 17. Kxg2 Nd5 18. Bd2 c5 19. e4 cxd4 20. Nxg6 Ne3+ 21. Bxe3 hxg6 22. Bg5 e5 23. Rac1 Rfc8 24. Rxc8+ Rxc8 25. Rc1 Rc5 26. b4 Rxc1 27. Bxc1 Kf8 28. Kf3 Bf6 29. Ke2 g5 30. Kd3 b5 31. a4 Ke7 32. axb5 b6 33. Bd2 Ke6 34. Ke2 Be7 35. Kf3 f6 36. Kg2 Bd8 37. f3 Be7 38. Kf1 Bd6 39. Ke2 Be7 40. Kd3 Bd6 41. Kc4 Be7 42. Be1 Bd6 43. h4 Bf8 44. h5 Bg7 45. Bf2 Bf8 1/2-1/2

[Event "Pere Noel"]
[Site "Montreal CAN"]
[Date "2013.12.29"]
[Round "4"]
[White "Sprumont, Oscar"]
[Black "Masse, Hugues"]
[Result "0-1"]
[WhiteElo "2029"]
[BlackElo "2244"]
[PlyCount "58"]
[GameId "2160767909208107"]
[EventDate "2013.12.26"]
[EventType "swiss"]
[EventRounds "5"]
[EventCountry "CAN"]
[SourceTitle "hb 2013"]

1. f4 d5 2. g3 g6 3. Bg2 Bg7 4. Nf3 Nf6 5. d3 O-O 6. O-O c5 7. Nc3 d4 8. Na4 Nbd7 9. c4 Rb8 10. a3 b6 11. b4 Bb7 12. Rb1 Qc7 13. Bd2 Ba8 14. Qc2 Rfe8 15. Nh4 Bxg2 16. Nxg2 e5 17. bxc5 bxc5 18. Rxb8 Rxb8 19. fxe5 Nxe5 20. Rb1 Bf8 21. Rxb8 Qxb8 22. Bf4 Nh5 23. Bd2 Ng4 24. Nf4 Bd6 25. Nxh5 gxh5 26. Qc1 Bxg3 27. Bh6 Bf2+ 28. Kf1 Be3 29. Bxe3 dxe3 0-1

[Event "Pere Noel"]
[Site "Montreal CAN"]
[Date "2013.12.29"]
[Round "4"]
[White "Struben, Jeroen"]
[Black "Perna-Fraser, David"]
[Result "0-1"]
[WhiteElo "1744"]
[BlackElo "1803"]
[PlyCount "76"]
[GameId "2160767909208108"]
[EventDate "2013.12.26"]
[EventType "swiss"]
[EventRounds "5"]
[EventCountry "CAN"]
[SourceTitle "hb 2013"]

1. d4 Nf6 2. c4 c5 3. d5 d6 4. Nc3 g6 5. e4 Bg7 6. Nf3 O-O 7. Be2 e6 8. O-O exd5 9. cxd5 Re8 10. Bg5 Qb6 11. Qc2 Bg4 12. h3 Bxf3 13. Bxf3 Nbd7 14. Be2 a6 15. Bf4 Ne5 16. Bg3 Qc7 17. f4 Ned7 18. a4 Re7 19. Rad1 Qb6 20. Rfe1 Rae8 21. Bf3 c4+ 22. Bf2 Nc5 23. Kh1 Qa5 24. Bg3 Nd3 25. Re3 Qb6 26. Rexd3 cxd3 27. Qxd3 Qxb2 28. e5 dxe5 29. fxe5 Nd7 30. d6 Nxe5 31. Bxe5 Rxe5 32. Rd2 Re1+ 33. Kh2 Qxc3 34. d7 Qe5+ 35. g3 Rd8 36. Bxb7 Re3 37. Qf1 Qxg3+ 38. Kh1 Re1 0-1

[Event "Pere Noel"]
[Site "Montreal CAN"]
[Date "2013.12.29"]
[Round "4"]
[White "Tremblay, Alain"]
[Black "Heredia, Jose"]
[Result "1-0"]
[WhiteElo "1846"]
[BlackElo "2084"]
[PlyCount "47"]
[GameId "2160767909208109"]
[EventDate "2013.12.26"]
[EventType "swiss"]
[EventRounds "5"]
[EventCountry "CAN"]
[SourceTitle "hb 2013"]

1. d4 d5 2. e3 Nf6 3. Bd3 e6 4. Nd2 Be7 5. Ngf3 Nbd7 6. O-O O-O 7. c3 Re8 8. Ne5 Nxe5 9. dxe5 Nd7 10. f4 f5 11. exf6 Nxf6 12. Qe2 Bd6 13. e4 e5 14. f5 c6 15. g4 Bc7 16. g5 dxe4 17. Bc4+ Nd5 18. Nxe4 Kh8 19. Qh5 Nf4 20. Bxf4 exf4 21. Rad1 Qe7 22. f6 Qxe4 23. fxg7+ Kxg7 24. Qh6+ 1-0

[Event "Pere Noel"]
[Site "Montreal CAN"]
[Date "2013.12.29"]
[Round "4"]
[White "Voskanyan, Vahagn"]
[Black "Gueorguiev, Valentin"]
[Result "1-0"]
[WhiteElo "2215"]
[BlackElo "1848"]
[PlyCount "48"]
[GameId "2160767909208110"]
[EventDate "2013.12.26"]
[EventType "swiss"]
[EventRounds "5"]
[EventCountry "CAN"]
[SourceTitle "hb 2013"]

1. Nf3 g6 2. c4 Bg7 3. Nc3 c5 4. g3 Nc6 5. Bg2 e5 6. d3 Nge7 7. e4 d6 8. Bg5 Bg4 9. Nd5 O-O 10. Qd2 Bxf3 11. Bxf3 f6 12. Be3 Nxd5 13. cxd5 Nd4 14. Bg2 a5 15. O-O Qd7 16. f4 b5 17. h4 b4 18. Kh2 Qe7 19. Rae1 c4 20. Bxd4 exd4 21. Bh3 cxd3 22. b3 h6 23. Qd1 Rae8 24. Be6+ Kh7 1-0

[Event "Pere Noel"]
[Site "Montreal CAN"]
[Date "2013.12.29"]
[Round "4"]
[White "Zhu, Hong Rui"]
[Black "Chang, Michael"]
[Result "1-0"]
[WhiteElo "2128"]
[BlackElo "1792"]
[PlyCount "69"]
[GameId "2160767909208111"]
[EventDate "2013.12.26"]
[EventType "swiss"]
[EventRounds "5"]
[EventCountry "CAN"]
[SourceTitle "hb 2013"]

1. e4 c6 2. d4 d5 3. exd5 cxd5 4. Bd3 Nc6 5. c3 Nf6 6. Bf4 Bg4 7. Qb3 Qc8 8. Nd2 e6 9. Ngf3 Bxf3 10. Nxf3 Be7 11. O-O O-O 12. Qc2 Na5 13. Bg5 h6 14. Bh4 Qc7 15. Ne5 Nc4 16. Bg3 Bd6 17. Rae1 Nh5 18. Nxc4 Nxg3 19. hxg3 dxc4 20. Bh7+ Kh8 21. Be4 Rad8 22. Rd1 b5 23. a3 a5 24. Qe2 b4 25. axb4 axb4 26. Ra1 bxc3 27. bxc3 e5 28. Ra4 exd4 29. Rxc4 Qa7 30. cxd4 Bb8 31. Rd1 Rc8 32. Rxc8 Rxc8 33. Qf3 Rd8 34. Qf5 g6 35. Qf6+ 1-0

[Event "Pere Noel"]
[Site "Montreal CAN"]
[Date "2013.12.30"]
[Round "5"]
[White "Brassard, Sylvain"]
[Black "Ma, Indy"]
[Result "1-0"]
[WhiteElo "1780"]
[BlackElo "1726"]
[PlyCount "93"]
[GameId "2160767909208112"]
[EventDate "2013.12.26"]
[EventType "swiss"]
[EventRounds "5"]
[EventCountry "CAN"]
[SourceTitle "hb 2013"]

1. d4 Nf6 2. Bg5 e6 3. e4 Be7 4. e5 Nd5 5. Bxe7 Qxe7 6. c4 Qb4+ 7. Qd2 Qxd2+ 8. Kxd2 Ne7 9. Nc3 Nbc6 10. Nf3 d5 11. cxd5 exd5 12. Nb5 O-O 13. Nxc7 Rb8 14. Nb5 a6 15. Na3 Bg4 16. Nc2 Bf5 17. Bd3 Be4 18. Nfe1 Rfd8 19. f3 Bg6 20. Bxg6 Nxg6 21. g3 Nge7 22. f4 Rbc8 23. Nf3 Rc7 24. Rac1 Rdc8 25. Rhe1 Nd8 26. Ne3 Rxc1 27. Rxc1 Rxc1 28. Kxc1 Kf8 29. Kd2 Ne6 30. f5 Nc7 31. Kc3 a5 32. g4 h6 33. Nc2 Nc6 34. a4 Ke7 35. b4 b5 36. Kb3 bxa4+ 37. Kxa4 axb4 38. Nxb4 Nxb4 39. Kxb4 g6 40. Kc5 Kd7 41. Nh4 g5 42. Ng2 Na6+ 43. Kxd5 Nb4+ 44. Ke4 Kc6 45. Ne3 Kd7 46. f6 Ke6 47. d5+ 1-0

[Event "Pere Noel"]
[Site "Montreal CAN"]
[Date "2013.12.30"]
[Round "5"]
[White "Chang, Michael"]
[Black "Sprumont, Oscar"]
[Result "1-0"]
[WhiteElo "1792"]
[BlackElo "2029"]
[PlyCount "83"]
[GameId "2160767909208113"]
[EventDate "2013.12.26"]
[EventType "swiss"]
[EventRounds "5"]
[EventCountry "CAN"]
[SourceTitle "hb 2013"]

1. e4 e6 2. d4 d5 3. e5 c5 4. c3 Nc6 5. Nf3 Nh6 6. Bd3 Nf5 7. Bxf5 exf5 8. O-O cxd4 9. cxd4 Be7 10. Nc3 Be6 11. Qb3 Qd7 12. Bd2 h6 13. h4 g5 14. hxg5 hxg5 15. Bxg5 Nxd4 16. Nxd4 Bxg5 17. f4 Be7 18. Qb5 O-O-O 19. Rac1 Kb8 20. Qxd7 Rxd7 21. g3 Bc5 22. Rfd1 a6 23. Kg2 Ba7 24. Nce2 Rdd8 25. b3 Bb6 26. Nf3 Rc8 27. Ned4 Bd8 28. Rh1 Bb6 29. Rxc8+ Rxc8 30. Rh6 Bxd4 31. Nxd4 Rc6 32. Nxc6+ bxc6 33. b4 a5 34. a3 Kb7 35. Rh1 axb4 36. axb4 Kb6 37. Rc1 Kb5 38. Kf2 Bc8 39. Ke3 Bd7 40. Kd4 Bc8 41. Rc5+ Kb6 42. b5 1-0